Manual de evaluación y entrenamiento de las habilidades sociales
Guardat en:
| Autor principal: | |
|---|---|
| Format: | Llibre |
| Idioma: | espanyol |
| Publicat: |
Ciudad de México
Siglo Veintiuno
1993
|
| Col·lecció: | Manuales. Psicologia
|
| Matèries: | |
| Etiquetes: |
Afegir etiqueta
Sense etiquetes, Sigues el primer a etiquetar aquest registre!
|
MARC
| LEADER | 00000nam a2200000 a 4500 | ||
|---|---|---|---|
| 001 | UCY3478 | ||
| 003 | CL-VaPUC | ||
| 008 | 950103e19930000MX |||||||||||||||||spa|d | ||
| 082 | 0 | 4 | |a 302 |b CAB |2 21 |
| 100 | 0 | |a Caballo, Vicente E |e author |9 331758 | |
| 245 | 1 | 0 | |a Manual de evaluación y entrenamiento de las habilidades sociales |
| 300 | |a 408 p | ||
| 942 | |c BK | ||
| 945 | |d 19950103 00:00:00 |a rbrito | ||
| 260 | |a Ciudad de México |b Siglo Veintiuno |c 1993 | ||
| 650 | 0 | |a Comunicación no verbal |9 270761 | |
| 650 | 0 | |a Comunicación interpersonal |9 307498 | |
| 650 | 0 | |a Psicología social |9 222894 | |
| 583 | |a last modification |c 20180502 11:05:03 |k Rodrigo Vera | ||
| 490 | 0 | |a Manuales. Psicologia | |
| 999 | |c 231597 |d 231595 | ||
| 952 | |0 0 |1 0 |4 0 |6 302_000000000000000_CAB_1993 |7 0 |8 A |9 235023 |a BIBGIM |b BIBGIM |d 2019-11-15 |i 3048098 |l 2 |o 302 CAB 1993 |p 3048098 |r 2025-01-15 |s 2023-08-03 |w 2019-11-15 |y BK |k SSL | ||